| 000 | 00923nam a2200229 a 4500 | ||
|---|---|---|---|
| 001 | 64618 | ||
| 003 | BD-RjUL | ||
| 005 | 20211209081328.0 | ||
| 008 | 170216s1989 ii ||||| |||| 00| f ben d | ||
| 020 | _c: Tk. 30.00 | ||
| 035 | _a(BD-RjUL)64748 | ||
| 040 |
_aBD-RjUL _bben _cBD-RjUL _dBD-RjUL |
||
| 041 | _aben | ||
| 082 |
_223 _a891.44309 _bCHB 1989 |
||
| 100 | 1 |
_aচক্রবর্তী, কৃষ্ণরূপ _9191637 |
|
| 245 | 1 | 0 |
_aবাংলা উপন্যাসে মনোবিশ্লেষণ / _cকৃষ্ণরূপ চক্রবর্তী |
| 260 |
_aকলিকাতা : _bকান্তিরঞ্জন ঘোষ, _c১৯৮৯ |
||
| 300 |
_a৮৮ পৃ. ; _c২৩ সেমি. |
||
| 650 |
_aবাংলা উপন্যাস _xইতিহাস ও সমালোচনা _9179529 |
||
| 650 |
_aBengali Fiction _xHistory and Criticism _9188742 |
||
| 942 |
_2ddc _cBK |
||
| 999 |
_c64618 _d64618 |
||